• 首页
  • 本馆介绍
  • 公告通知
  • 最新文献
  • 馆藏检索
  • 电子资源
  • 读者导购
  • 参考咨询
  • 我的图书馆
  • 登录
  • 详细信息显示
  • 放入我的书架
  • 预约/预借图书
  • 作者相关作品
  • 分类相关作品
  • 丛书相关作品
  • 出版社相关作品

书目信息

  • 表格格式
  • 工作单格式
  • 卡片格式
题名:
大泼猴
    
 
作者: 契诃夫 , 甲鱼不是龟 原著 ;名家编译委员会 编译
分册: 3   缔妖国
出版信息: 成都   天地出版社  2018
页数: 582页
开本: 22cm
丛书名:
单 册:
中图分类: I512.44 , I247.5
科图分类:
主题词: 短篇小说--小说集--俄罗斯--近代 , 小说--中国
电子资源:
ISBN: 978-7-5455-3747-5
000 00998nam0 2200289 450
001 2366222167
005 20231209183131.35
010    @a978-7-5455-3747-5@dCNY 36.00
100    @a20180316d2018 em y0chiy0120 ea
101 0  @achi
102    @aCN@b510000
105    @aa z 000ay
200 1  @a大泼猴@ADa Po Hou@b专著@dAnton Chekhov's short stories@h3@i缔妖国@f甲鱼不是龟著@FJia Yu Bu Shi Gui Zhu@g名家编译委员会编译@zeng
210    @a成都@c天地出版社@d2018
215    @a582页@c图@d22cm
225 1  @v28
510 1  @aAnton Chekhov's short stories@zeng
517 1  @a缔妖国@ADi Yao Guo
606 0  @a短篇小说@x小说集@y俄罗斯@z近代
606 0  @a小说@x中国
690    @aI512.44@v5
690    @aI247.5@v4
701  0 @c(俄罗斯)@a契诃夫@Aqi he fu@c(Чехов, Антон Павлович@f1860~1904)@4原著
701  0 @a甲鱼不是龟@AJia Yu Bu Shi Gui@4著
712 02 @a名家编译委员会@Aming jia bian yi wei yuan hui@4编译
801  2 @aCN@b辽宁北配@c20231205
905    @aZUCC@dI247.5@e6112:3
    
    大泼猴=Anton Chekhov's short stories.3.缔妖国/甲鱼不是龟著/名家编译委员会编译.-成都:天地出版社,2018
    582页:图;22cm.-(28)
    
    
    ISBN 978-7-5455-3747-5:CNY 36.00
    
●
相关链接 在五车中查询图书 在当当中查询图书 在豆瓣中查询图书


正题名:大泼猴     索取号:I247.5/6112:3         预约/预借

序号 登录号 条形码 馆藏地/架位号 状态 备注
1 2001510200   2001510200   502书库/ [索取号:I247.5/6112:3] 在馆    
2 2001510201   2001510201   503书库/ [索取号:I247.5/6112:3] 在馆    
3 2001510202   2001510202   501书库/ [索取号:I247.5/6112:3] 在馆    
4 2001510203   2001510203   501书库/ [索取号:I247.5/6112:3] 在馆    
5 2001510204   2001510204   共建书房-教育学院/ [索取号:I247.5/6112:3] 在馆    
6 2001510205   2001510205   共建书房-教育学院/ [索取号:I247.5/6112:3] 在馆    
7 2001510206   2001510206   503书库/ [索取号:I247.5/6112:3] 在馆    
8 2001510207   2001510207   501书库/ [索取号:I247.5/6112:3] 在馆    
9 2001510208   2001510208   503书库/ [索取号:I247.5/6112:3] 在馆    
10 2001510209   2001510209   共建书房-教育学院/ [索取号:I247.5/6112:3] 在馆    
11 2001510210   2001510210   502书库/ [索取号:I247.5/6112:3] 在馆    
12 2001510211   2001510211   502书库/ [索取号:I247.5/6112:3] 在馆    
13 2001510212   2001510212   315书库/ [索取号:I247.5/6112:3] 在馆    
14 2001510213   2001510213   共建书房-教育学院/ [索取号:I247.5/6112:3] 在馆    
15 2001510214   2001510214   502书库/ [索取号:I247.5/6112:3] 在馆    
16 2001510215   2001510215   501书库/ [索取号:I247.5/6112:3] 在馆    
17 2001510216   2001510216   501书库/ [索取号:I247.5/6112:3] 在馆    
18 2001510217   2001510217   501书库/ [索取号:I247.5/6112:3] 在馆    
19 2001510218   2001510218   502书库/ [索取号:I247.5/6112:3] 在馆    
20 2001510219   2001510219   509书库/ [索取号:I247.5/6112:3] 在馆    
21 2001510220   2001510220   509书库/ [索取号:I247.5/6112:3] 在馆    
22 2001510221   2001510221   509书库/ [索取号:I247.5/6112:3] 在馆    
23 2001510222   2001510222   315书库/ [索取号:I247.5/6112:3] 在馆    
24 2001510223   2001510223   共建书房-教育学院/ [索取号:I247.5/6112:3] 在馆    
25 2001510224   2001510224   共建书房-教育学院/ [索取号:I247.5/6112:3] 在馆    
26 2001510225   2001510225   315书库/ [索取号:I247.5/6112:3] 在馆    
27 2001510226   2001510226   502书库/ [索取号:I247.5/6112:3] 在馆    
28 2001510227   2001510227   315书库/ [索取号:I247.5/6112:3] 在馆    
29 2001510228   2001510228   315书库/ [索取号:I247.5/6112:3] 在馆    
30 2001510229   2001510229   315书库/ [索取号:I247.5/6112:3] 在馆    
山东省滨州职业学院图书馆 欢迎您!
大连网信软件有限公司© 版权所有